A BIBLIOGRAPHY OF ISLAMIC LAW, 1980-1993 / (Record no. 11604)
[ view plain ]
| 000 -الفاتح | |
|---|---|
| حقل البيانات ثابتة الطول | 00469nam a2200181Ia 4500 |
| 008 - عناصر البيانات ثابتة الطول - معلومات عامة | |
| حقل البيانات ثابتة الطول | 140319s9999 xx 000 0 eng d |
| 040 ## - مصدر الفهرسة | |
| وكالة الفهرسة الأصلية | GCL / |
| وكالة النسخ | GCL |
| 082 04 - رقم تصنيف ديوى العشرى | |
| رقم التصنيف | 340.59 |
| رقم المادة | ZB |
| 100 1# - المدخل الرئيسى - إسم شخصى | |
| الإسم الشخصى | AL-ZWAINI, LAILA |
| 245 10 - بيان العنوان | |
| العنوان | A BIBLIOGRAPHY OF ISLAMIC LAW, 1980-1993 / |
| بيان المسئوليه,etc | AL-ZWAINI, LAILA |
| 700 1# - المدخل الاضافى - اسم شخصى | |
| الإسم الشخصى | PETERS, RUDOLPH |
| 260 ## - PUBLICATION, DISTRIBUTION, ETC. (IMPRINT) | |
| تاريخ النشر أو التوزيع | 1994 |
| 300 ## - الوصف المادى | |
| التعداد | 240.P |
| 650 04 - المدخل الاضافى بالموضوع-مصطلح موضوعى | |
| مصطلح موضوعي | ISLAM |
| 650 04 - المدخل الاضافى بالموضوع-مصطلح موضوعى | |
| مصطلح موضوعي | BIBLIOGRAPHIES |
| 942 ## - عناصر المدخل الإضافي( كوها) | |
| مصدر التصنيف او مخطط الترفيف | Dewey Decimal Classification |
| Koha [default] item type | كتاب |
| 260 ## - PUBLICATION, DISTRIBUTION, ETC. (IMPRINT) | |
| -- | [S.N] : |
| -- | E. J. BRILL ، |
| حالة التراجع | حالة الفقد | حالة تلف | ليس للاعارة | المكان المؤقت | الموقع الحالى | تاريخ الاكتساب | اجمالي اﻻعارات | رقم الطلب | الباركود | تاريخ اخر مشاهدة | تاريخ تفعيل السعر | نوع وعاء كوها |
|---|---|---|---|---|---|---|---|---|---|---|---|---|
| مكتبة القاهرة الكبرى | مكتبة القاهرة الكبرى | 03/26/2014 | 340.59\ZB | 22867 | 03/26/2014 | 03/26/2014 | كتاب |

